000 00526nam a22001937a 4500
003 KOHA_MİRAKIL
005 20250526171732.0
008 250526b tu ||||| |||| 00| 0 tur d
020 _a9789759955335
040 _aTR-AnABB
_btur
_cTR-AnABB
041 _atur
082 _a814.42
_bKAP 2019
100 1 _aKaplan, Mehmet,
245 1 0 _aSevgi ve ilim /
_cMehmet Kaplan
260 _aİstanbul :
_bDergah Yayınları,
_c2019
300 _a317 sayfa ;
_c21 cm
650 0 4 _aTürk edebiyatı, roman
942 _2ddc
_cBK
999 _c8905
_d8905
900 _bGizem YORULMAZ